Enerji devrimi (Record no. 5840)

MARC details
000 -BAŞLIK
Sabit Uzunlukta Kontrol Alanı 00748na a2200253 4500
001 - KONTROL NUMARASI
Denetim Alanı 20523
003 - KONTROL NUMARASI IDENTIFIER
Denetim Alanı MIRAKIL
005 - SON İŞLEM TARİHİ VE ZAMANI
Denetim Alanı 20181213155049.0
008 - SABİT-BOY VERİ ELEMANLARI - GENEL BİLGİLER
Sabit Uzunlukta Kontrol Alanı 170124b tu 000 0
020 ## - ULUSLARARASI STANDART KİTAP NUMARASI
Uluslararası Standart Kitap Numarası 9786054539574
040 ## - KATALOGLAMA KAYNAK
Orijinal Kataloglama Ajansı Milas
Kataloglama Dili tur
Metne Dönüştürmek Ajansı TR-AnCHP
041 ## - DİL KODU
Metin / Ses Parça Veya Ayrı Başlığın Dil Kodu tur
082 ## - DEWEY ONLU SINIFLANDIRMA NUMARASI
Sınıflandırma Numarası 530
Ürün Numarası M87e 2014
090 ## - SINIFLAMA NUMARASI
Sınıflama Numarası 530 M87e 2014
100 ## - ANA GİRİŞ - KİŞİSEL İSİM
Kişisel Ad Mutlu, Latif
245 ## - BAŞLIK TABLOSU
Başlık Enerji devrimi
Başlığın Kalan 'Tarım ve sanayi devrimlerinden sonra'
Sorumluluk Tablosu, Vb Latif Mutlu
246 ## - UNVAN FORM VARYING
Başlık Doğru / Kısa Başlığı 'Tarım ve sanayi devrimlerinden sonra'
260 ## - YAYIN, DAĞITIM, VB
Yayın, Dağıtım, Vb Yeri İstanbul
Yayıncı, Dağıtıcı, Vs Adı Yalın yayıncılık
Yayın, Dağıtım, Vb Tarihi 2014
300 ## - FİZİKSEL TANIM
Kapsam 148 s.
Diğer Fiziksel Ayrıntıları fotg. ; tbl.
Boyutlar 23 sm.
504 ## - KAYNAKÇA VB NOT
Kaynakça Vb Notu Kaynakça ve dizin var.
650 ## - KONU KATMA GİRİŞ - TOPİKAL DÖNEM
Topikal Süreli Veya Coğrafi Ad Giriş Elemanı Enerji
Genel Alt Bölümü Fizik
740 ## - KATMA GİRİŞ - KONTROLSUZ İLGİLİ / ANALİTİK BAŞLIK
Kontrol Edilmeyen / İlgili Analitik Başlıktaki 'Tarım ve sanayi devrimlerinden sonra'
942 ## - EKLENDİ GİRİŞ ELEMANLARI (KOHA)
Sınıflandırma Veya Raf Düzeni Kaynak Dewey Decimal Classification
Koha Öğesi Türü Books
999 ## - SİSTEM KONTROL NUMARALARI (KOHA)
Koha Biblionumber 5840
Koha Biblioitemnumber 5840
Holdings
Kalıcı Konum Mevcut Konum Edinme Tarihi Edinim Kaynak Toplam Check-Out'Lar Tam Çağrı Numarası Barkod Tarih Son Görülme İtibaren Geçerli Fiyatlar Koha Öğesi Türü
CHP Kütüphanesi CHP Kütüphanesi 01/24/2017 Bağış   530 M87e 2014 012067 01/24/2017 01/24/2017 Books